[Event "84th Tata Steel Masters"]
[Site "Wijk aan Zee NED"]
[Date "2022.01.15"]
[Round "1.1"]
[White "Esipenko, Andrey"]
[Black "Carlsen, Magnus"]
[Result "1/2-1/2"]
[WhiteTitle "GM"]
[BlackTitle "GM"]
[WhiteElo "2714"]
[BlackElo "2865"]
[WhiteFideId "24175439"]
[BlackFideId "1503014"]
[EventDate "2022.01.15"]

1. d4 d5 2. c4 e6 3. Nf3 Nf6 4. Nc3 c6 5. e3 Nbd7 6. Qc2 b6 7. b3 Bb7 8. Bd3 Bd6
9. O-O O-O 10. Bb2 c5 11. cxd5 exd5 12. Rfd1 Re8 13. Rac1 a6 14. Bf5 Rc8 15.
dxc5 bxc5 16. Na4 Rc7 17. Bc3 Qe7 18. Ba5 Rc6 19. Bc3 Rc7 20. Ba5 Rc6 21. Bc3
Rc7 1/2-1/2

[Event "84th Tata Steel Masters"]
[Site "Wijk aan Zee NED"]
[Date "2022.01.15"]
[Round "1.7"]
[White "Van Foreest, Jorden"]
[Black "Grandelius, Nils"]
[Result "1-0"]
[WhiteTitle "GM"]
[BlackTitle "GM"]
[WhiteElo "2702"]
[BlackElo "2672"]
[WhiteFideId "1039784"]
[BlackFideId "1710400"]
[EventDate "2022.01.15"]

1. e4 e5 2. Nf3 Nc6 3. Bb5 a6 4. Ba4 Nf6 5. d3 d6 6. c3 g6 7. O-O Bg7 8. Re1 O-O
9. Nbd2 Re8 10. Nf1 b5 11. Bc2 a5 12. Bg5 h6 13. Bh4 a4 14. Ne3 Bb7 15. c4 Nb4
16. cxb5 Qd7 17. Bxf6 Bxf6 18. Bxa4 Nxd3 19. Qxd3 Rxa4 20. Nd1 Rb4 21. a4 d5 22.
Qd2 Qd6 23. exd5 e4 24. Qxh6 Qf8 25. Qxf8+ Kxf8 26. Nd2 Bxd5 27. Re3 Bd4 28.
Rea3 f5 29. g3 g5 30. Ne3 Bxe3 31. fxe3 Rxb2 32. Nf1 Bc4 33. Rc3 Be2 34. Rac1
Ra8 35. R3c2 Rxc2 36. Rxc2 Bf3 37. Rc4 Ke7 38. Rxc7+ Ke6 39. Rc4 Be2 40. Rb4 Rc8
41. Nd2 Bd3 42. b6 Rc1+ 43. Kf2 Rc2 44. b7 1-0

[Event "84th Tata Steel Masters"]
[Site "Wijk aan Zee NED"]
[Date "2022.01.16"]
[Round "2.5"]
[White "Mamedyarov, Shakhriyar"]
[Black "Esipenko, Andrey"]
[Result "1/2-1/2"]
[WhiteTitle "GM"]
[BlackTitle "GM"]
[WhiteElo "2767"]
[BlackElo "2714"]
[WhiteFideId "13401319"]
[BlackFideId "24175439"]
[EventDate "2022.01.15"]

1. d4 Nf6 2. c4 e6 3. g4 d5 4. g5 Ne4 5. Bg2 Bb4+ 6. Kf1 Be7 7. h4 O-O 8. Nh3 c6
9. Qc2 e5 10. Nd2 Nxd2+ 11. Bxd2 exd4 12. cxd5 cxd5 13. Nf4 Be6 14. g6 Nc6 15.
gxh7+ Kh8 16. Qb3 Qd7 17. Bxd5 Bxd5 18. Qxd5 Rad8 19. Qxd7 Rxd7 20. Rc1 Kxh7 21.
Nd3 Rd5 22. Bf4 Re8 23. Bg3 Bd6 24. Rg1 Re4 25. f3 Re7 26. Bf2 1/2-1/2

[Event "84th Tata Steel Masters"]
[Site "Wijk aan Zee NED"]
[Date "2022.01.30"]
[Round "13.2"]
[White "Mamedyarov, Shakhriyar"]
[Black "Caruana, Fabiano"]
[Result "1/2-1/2"]
[WhiteTitle "GM"]
[BlackTitle "GM"]
[WhiteElo "2767"]
[BlackElo "2792"]
[WhiteFideId "13401319"]
[BlackFideId "2020009"]
[EventDate "2022.01.15"]

1. d4 Nf6 2. c4 e6 3. Nf3 d5 4. Nc3 Be7 5. Bf4 O-O 6. e3 c5 7. dxc5 Bxc5 8. cxd5
Nxd5 9. Nxd5 exd5 10. a3 Nc6 11. Bd3 h6 12. O-O Qf6 13. b4 1/2-1/2